书目信息 |
| 题名: |
广播电视歌曲集
|
|
| 作者: | ;广播出版社 编 | |
| 分册: | 第四辑 | |
| 出版信息: | 北京 广播出版社 1982 |
|
| 页数: | 154页 | |
| 开本: | 20cm | |
| 丛书名: | ||
| 单 册: | ||
| 中图分类: | J642.4 | |
| 科图分类: | ||
| 主题词: | 音乐--作品--中国 | |
| 电子资源: | ||
| ISBN: | ||
| 000 | 00505nam0 2200181 45 | |
| 001 | 0312221749 | |
| 005 | 20060819170242.90 | |
| 010 | @dCNY0.40 | |
| 100 | @a20031222d1982 km y0chiy0120 ea | |
| 101 | @achi | |
| 200 | 1 | @a广播电视歌曲集@AGuang Bo Dian Shi Ge Qu Ji@h第四辑@f广播出版社编@FGuang Bo ChuBan She Bian |
| 210 | @a北京@c广播出版社@d1982 | |
| 215 | @a154页@d20cm | |
| 606 | 0 | @a音乐@x作品@x中国 |
| 690 | @aJ642.4@v3 | |
| 711 | 02 | @a广播出版社@4编 |
| 801 | @aCN@bTSTCL@c20060819 | |
| 905 | @dJ642.4@e92:4 | |
| 广播电视歌曲集.第四辑/广播出版社编.-北京:广播出版社,1982 |
| 154页;20cm |
| ISBN :CNY0.40 |
| ● |
| 相关链接 |
|
|
|
|
正题名:广播电视歌曲集
索取号:J642.4/92:4
 
预约/预借
| 序号 | 登录号 | 条形码 | 馆藏地/架位号 | 状态 | 备注 |
| 1 | 0466990 | 204669901 | 密集书库/ [索取号:J642.4/92:4] | 在馆 |